| 000 -LEADER |
| fixed length control field |
00499cam a22001097a 4500 |
| 008 - FIXED-LENGTH DATA ELEMENTS--GENERAL INFORMATION |
| fixed length control field |
180718b1976 xxu||||| |||| 00| 0 eng d |
| 082 ## - DEWEY DECIMAL CLASSIFICATION NUMBER |
| Classification number |
P61x5451 An24 |
| 245 ## - TITLE STATEMENT |
| Title |
Report on working of the vocational guidance units in Andhra Pradesh |
| Statement of responsibility, etc. |
by The Evalution Wing of Finance and Planning Department, Hyderabad. |
| 260 ## - PUBLICATION, DISTRIBUTION, ETC. |
| Place of publication, distribution, etc. |
Hyderabad |
| Name of publisher, distributor, etc. |
The Director of Printing and Stationery at the Government Secretariat |
| Date of publication, distribution, etc. |
1976 |
| 300 ## - PHYSICAL DESCRIPTION |
| Extent |
55p |
| 700 ## - ADDED ENTRY--PERSONAL NAME |
| Personal name |
Hyderabad. The Evalution Wing of Finance and Planning Department. |